| 000 | 00867nam a2200217 a 4500 | ||
|---|---|---|---|
| 001 | BRCA_9111 | ||
| 005 | 20190320210526.0 | ||
| 008 | 051017s1731----sp-#######---#000-0#lat-# | ||
| 041 | _alat | ||
| 044 | _asp | ||
| 084 |
_aBE142 _b.S45 1731 |
||
| 100 | 1 |
_aSegura, Nicolai de _922487 |
|
| 245 | 1 | 0 |
_aR. P. Nicolai de Segura Angelopolitani, e societate Jesu, primariae theologiae cathedrae proffessori, et santae inquisitionis qualificatoris _btractatus de contractibus in genere et testamentis. |
| 260 |
_aSalmantica _bEx oficina typographica Antonii Josephi Villargordo _c1731 |
||
| 300 |
_a611 p. _c20.5 x 14.5 cm |
||
| 500 | _aEn portada: Nunc primum in lucem prodit | ||
| 500 | _aEstado físico: presenta encuadernación en pergamino con presencia del pez de plata y cintas rotas | ||
| 650 | 1 | 4 |
_aReligión _ySiglo XVIII _922488 |
| 902 | _aCFM | ||
| 942 |
_2lcc _cB |
||
| 999 |
_c8759 _d8759 |
||